Manual de orientación profesional /

Guardado en:
Autor Principal: Mira Y López, Emilio
Formato: Libro
Publicado: Buenos Aires : Kapelusz, 1965
Series:Filosofía y Ciencias Sociales
Materias:
Etiquetas: Agregar Etiqueta
Sin Etiquetas, Sea el primero en etiquetar este registro!
LEADER 00525nam a22001815a 4500
001 CEM.cems004431
005 20060216000000.0
008 130507s1965##################000#0#####d
003 CEMS
082 0 4 |a 371.425 
100 1 |a Mira Y López, Emilio 
245 1 0 |a Manual de orientación profesional / 
260 |a Buenos Aires :  |b Kapelusz,  |c 1965 
300 |a 561 p. 
490 0 |a Filosofía y Ciencias Sociales 
653 |a Educacion 
653 |a Orientacion profesional 
859 |a CEMS  |b BIB. CEMS - 11 de abril  |h 371.425  |i M67  |p 451.73  |t Ej.1